Welcome to CU Library Online Public Access Catalogue (OPAC)

Schematic Capture with MicroSim PSpice (Record no. 8204)

MARC details
000 -LEADER
fixed length control field 00492nam a22001577a 4500
005 - DATE AND TIME OF LATEST TRANSACTION
control field 20251110195320.0
008 - FIXED-LENGTH DATA ELEMENTS--GENERAL INFORMATION
fixed length control field 251110b |||||||| |||| 00| 0 eng d
020 ## - INTERNATIONAL STANDARD BOOK NUMBER
International Standard Book Number 9780132339827
050 ## - LIBRARY OF CONGRESS CALL NUMBER
Classification number TK454
Item number .H45
100 ## - MAIN ENTRY--PERSONAL NAME
Personal name Herniter, Marc E.
245 ## - TITLE STATEMENT
Title Schematic Capture with MicroSim PSpice
Remainder of title includes PC Board Layout Using PADS-PERFORM
250 ## - EDITION STATEMENT
Edition statement 2nd ed.
260 ## - PUBLICATION, DISTRIBUTION, ETC.
Place of publication, distribution, etc. Englewood Cliffs, New Jersey
Name of publisher, distributor, etc. Prentice Hall
Date of publication, distribution, etc. 1996
300 ## - PHYSICAL DESCRIPTION
Extent x. 444p.
Other physical details ill.
Dimensions 27.5cm
942 ## - ADDED ENTRY ELEMENTS (KOHA)
Source of classification or shelving scheme Library of Congress Classification
Koha item type Books
Edition 2nd ed.
Suppress in OPAC No
999 ## -
-- 8204
-- 8204
Holdings
Withdrawn status Lost status Source of classification or shelving scheme Damaged status Not for loan Collection Home library Current library Shelving location Date acquired Total checkouts Full call number Barcode Date last seen Copy number Price effective from Koha item type
    Library of Congress Classification     Non-fiction Science Library (Miotso) Science Library (Miotso) General stacks 11/10/2025   TK454 .H45 HER SLM00005718 11/10/2025 1 11/10/2025 Books
© 2023-2024 Copyright: Central University Libraries. All Rights Reserved | Created by: Mahone Tech Office